| 000 | 01228nam a2200205 4500 | ||
|---|---|---|---|
| 005 | 20260424144401.0 | ||
| 008 | 260204b |||||||| |||| 00| 0 eng d | ||
| 020 | _a9781041307723 | ||
| 037 | _cTextual | ||
| 040 |
_aRTL _cRTL |
||
| 084 |
_qRTL _aY15 R4 |
||
| 100 |
_aTong, Rosemarie _91113643 |
||
| 245 | _aFeminist thought: A more comprehensive introduction | ||
| 250 | _a6th | ||
| 260 |
_aNew York _bRoutledge _c2024 |
||
| 300 |
_ax, 527 p. _bIncludes bibliographical reference and index |
||
| 520 | _aA classic resource on feminist theory, this updated sixth edition of Feminist Thought: A More Comprehensive Introduction offers a clear, comprehensive, and incisive introduction to the major traditions of feminist theory. This new edition explores in detail the wide spectrum of feminist thought, from liberal feminism, radical feminism, Marxist and socialist feminisms, women-of-color feminisms, global, postcolonial, and transnational feminisms, to psychoanalytic feminism, care-focused and maternal-focused feminisms, to ecofeminism, existentialist, poststructural, and postmodern feminisms. | ||
| 700 |
_aBotts, Tina Fernandes _eCo-author _91113644 |
||
| 942 |
_2CC _n0 _cTEXL _hY15 R4 |
||
| 999 |
_c1678640 _d1678640 |
||